000 01388nam0a22003011 4500
001 rc\4798395
005 20260407210131.0
021 _aRU
_b[59-19231]
035 _a(NLR Aleph) 008870635
090 _a8519168
_c8519168
100 _a20130426d1959 |||y0rusy50 ca
101 0 _arus
102 _aRU
105 _ay b |||||
200 1 _aЛицевой силикатный кирпич
_fАкад. строительства и архитектуры СССР. Науч.-исслед. ин-т новых строит. материалов, отделки и оборудования зданий
210 _aМосква
_cЦБТИ
_d1959
215 _a22 с.
_d22
300 _aАвт. указаны на обороте тит. л.: канд. техн. наук М.С. Шварцзайд, инж. О.И. Рогачева, К.В. Иванова
606 _aКирпич силикатный
_xПроизводство
_2psbo
700 1 _aШварцзайд
_bМ.С.
_gМарк Самойлович
701 1 _aИванова
_bК.В.
701 1 _aРогачева
_bО.И.
712 0 2 _aНИИ новых строительных материалов, отделки и оборудования зданий
_cМосква
_3RU\NLR\AUTH\8810138669
_9772616
801 0 _aRU
_bNLR
_gpsbo
801 1 _aRU
_bELAR
_2rusmarc
852 _aNLR
_j59-6/3217
942 _cBOOK
980 _aNB